MARC

LEADER 00000nam0a2200000 4500
001 285651
005 20231101235821.0
035 |a (RuTPU)RU\TPU\book\309896 
090 |a 285651 
100 |a 20150226d1966 k y0rusy50 ca 
101 0 |a rus 
102 |a RU 
105 |a a z 001zy 
200 1 |a Химические особенности и генезис бурых углей Казахстана  |f М. В. Богданова  |g Всесоюзный научно-исследовательский геологический институт (ВСЕГЕИ) 
210 |a Москва  |c Наука  |d 1966   |a Ленинград 
215 |a 166 с.  |c ил. 
320 |a Библиогр.: с. 156-165. 
606 1 |a Угли бурые  |2 stltpush  |3 (RuTPU)RU\TPU\subj\62430  |9 79506 
610 1 |a бурый уголь 
610 1 |a генезис 
610 1 |a Казахстан 
610 1 |a химические особенности 
610 1 |a петрографическая характеристика 
610 1 |a химическая характеристика 
675 |a 552.576  |v 3 
700 1 |a Богданова  |b М. В.  |g Мира Васильевна 
712 0 2 |a Всесоюзный научно-исследовательский геологический институт (ВСЕГЕИ)  |c (Ленинград)  |c (1939-1991)  |2 stltpush  |3 (RuTPU)RU\TPU\col\11367 
801 1 |a RU  |b 63413507  |c 20150226 
801 2 |a RU  |b 63413507  |c 20150918  |g RCR 
942 |c BK